000 00793naa a22002537u 4500
001 05418
003 HDC
007 cr bn ---aaaaa
008 210120s2002 xx a b 001 0 eng
040 _aHDC
245 0 _aPrimary Processing of Poultry
260 _a[No Place] :
_b[publisher not identified],
_c2002
300 _a27 pages
336 _atext
_2rdacontent
337 _acomputer
_2rdamedia
338 _aonline resource
_2rdacarrier
500 _aOriginal from book
650 _aPoultry meat
_95531
650 _aProduct technology
_95657
856 _zRequest full-text at [email protected]
942 _2lcc
942 _cCHAP
942 _kEBCH 002752
999 _c2742
_d2742